Informe semestral, enero a junio 1972

Guardado en:
書目詳細資料
企業作者: Costa Rica. Ministerio de Obras Públicas y Transportes. Instituto Geográfico Nacional
格式: 未知
出版: San José: MOPT. IGN
標簽: 添加標簽
沒有標簽, 成為第一個標記此記錄!

MARC

LEADER 00000 a2200000 04500
001 15537
003
008 991231s d
040
090 |a 016502  
110 |a Costa Rica. Ministerio de Obras Públicas y Transportes. Instituto Geográfico Nacional  
245 |a Informe semestral, enero a junio 1972  
260 |a San José:   |b MOPT. IGN  
300 |a 104 p.  
999 |c 15344  |d 15344